Statistiques concernant Voiture Cars 2

Cliquez ici pour prendre le quiz!

Statistiques générales

  • Ce quiz a été pris 163 fois
  • Le résultat moyen est 5 sur 11

Statistiques - réponses

NationalitéNuméroRéponse% Correct
États-Unis#95Flash McQueen
86%
Italie#1Francesco Bernoulli
66%
Royaume-Uni#2Lewis Hamilton
58%
France#6Raoul Caroule
56%
Brésil#8Carla Veloso
35%
Japon#7Shu Todoroki
35%
Espagne#5Miguel Camino
34%
États-Unis#24Jeff Corvette
29%
Allemagne#4Max Schnell
24%
Royaume-Uni#9Nigel Gearsley
18%
Rearendia#10Rip Clutchgoneski
13%

Distribution des résultats

Percentile par nombre de réponses

% des personnes avec chaque résultat

Votre développement - résultats

Vous n’avez pas pris ce quiz